| 000 | 00929cam a22002897a 4500 | ||
|---|---|---|---|
| 003 | CHAP | ||
| 005 | 20220329140013.0 | ||
| 008 | 971013s1962 r 00010 d | ||
| 010 | _a45389 | ||
| 011 | _a46361 | ||
| 035 | _a50502 | ||
| 040 | _cCHAP | ||
| 082 |
_a027.4 _bR4 |
||
| 111 | 0 | 0 |
_aRegional Seminar on the Development of Public Libraries in Africa _d(1962 : _cEnugu, Nigeria) _995658 |
| 245 | 0 | _aProceedings | |
| 260 |
_aParis : _bUNESCO, _c1962 |
||
| 300 | _apág.var. | ||
| 500 | _aLa biblioteca tiene : Sem. 10/2, 10/3, 10/5, 10/6, 10/7, 10/8, 10/9, 10/10, 10/11, 10/12, 10/13 | ||
| 590 |
_aBATCH-UPD _b10 _c20130110 _lUCH01 _h0234 |
||
| 590 |
_aBATCH-UPD _b10 _c20130110 _lUCH01 _h2217 |
||
| 590 |
_aCONVERSION _b10 _c20130109 _lUCH01 _h1325 |
||
| 650 | 1 | 4 |
_aBibliotecas. _912488 |
| 650 | 1 | 4 |
_aBibliotecas _xAfrica. _912490 |
| 901 | _aBK | ||
| 942 | _cLIBRO | ||
| 949 |
_a027.4 R4 _bBC _cB _d-113447 _eB _h60756 _i50502 _si |
||
| 999 |
_c45389 _d45389 |
||